[Event "Almaty Open 2017"]
[Site "Almaty"]
[Date "2017.10.05"]
[Round "2"]
[White "Filippov, Anton"]
[Black "Ermekov, Almas"]
[Result "1-0"]
[WhiteElo "2592"]
[BlackElo "2260"]
[Annotator "TA"]
[PlyCount "54"]
[EventDate "2017.??.??"]
[EventType "swiss"]
[EventCountry "KAZ"]
[SourceTitle "playchess.com"]
[Source "ChessBase"]
[SourceQuality "1"]

{[%evp 26,54,45,41,57,49,97,42,128,102,171,147,239,195,214,101,91,66,118,-127,368,-106,81,85,429,458,1100,1023,29992,29993,29994]} 1. e4 e6 2. d4 d5 3. Nd2 Nf6 4. e5 Nfd7 5. Bd3 c5 6. c3 Nc6 7. Ne2 cxd4 8. cxd4 f6 9. exf6 Qxf6 10. Nf3 h6 11. O-O Bd6 12. Ng3 O-O 13. Bc2 {C06: Französische Verteidigung (Tarrasch-Variante)} Rf7 14. Re1 {[#] LiveBook: 9 Partien} a6 $146 ({Vorgänger:} 14... Nf8 15. Nh5 Qd8 16. Ne5 Bxe5 17. dxe5 Qb6 18. Nf4 Bd7 19. Nd3 Rc8 20. Be3 Qd8 {½-½ (72) Svane,R (2570)-Sethuraman,S (2623) Moscow 2017}) 15. a3 {Weiß steht etwas besser.} Rb8 16. Rb1 (16. b4 $16) 16... Qe7 (16... Nf8 $1 $14) 17. b4 b5 (17... Rxf3 $16 18. gxf3 Qf7) 18. Rb3 (18. Qd3 Nf8 $16) 18... a5 (18... Bxg3 $16 19. fxg3 (19. hxg3 g5 $16) 19... Bb7) 19. Rc3 ({Minderwertig wäre} 19. Qd3 Nf8 $11) 19... Bb7 20. h3 $40 {[%mdl 128] Weiss riecht Blut.} (20. bxa5 $18 {bietet bessere Gewinnchancen. Droht stark Sf5!} Nxa5 21. Nf5 $1 {[%mdl 512]} (21. Qd3 Nf8 $16) 21... Rxf5 22. Bxf5) 20... axb4 $16 21. Rce3 Nf8 {[#]} ({Günstiger ist} 21... Qd8 $14) 22. Ne5 $2 (22. Nf5 $1 $16 {[%cal Rf5e7][%mdl 512] ist nötig, um Vorteil zu sichern.} Rxf5 (22... exf5 23. Rxe7) 23. Bxf5) 22... Qc7 $2 {[%mdl 8192]} (22... Nxe5 $17 23. dxe5 Bc5 24. axb4 Bxe3 25. Rxe3 Qxb4) 23. Nh5 $2 ({Der einzige Zug:} 23. Nxf7 $18 Qxf7 24. axb4) 23... Bxe5 $2 (23... Nxe5 $17 {bleibt auf Kurs.} 24. dxe5 Bc5 25. axb4 Bxe3 26. Bxe3 d4) 24. dxe5 Nd7 $2 {[%mdl 8192]} (24... Rc8 $16) 25. Rg3 $18 Kh8 {[#]} (25... g5 $142 26. Bg6 Rff8) 26. Bxh6 $1 {[%mdl 512]} gxh6 27. Qd2 Rh7 {Precision: Weiß = 47%, Schwarz =  3%.} 1-0

[Event "Almaty Open 2017"]
[Site "Almaty"]
[Date "2017.10.05"]
[Round "2"]
[White "Fier, Alexandr"]
[Black "Nurgali, Nazerke"]
[Result "1-0"]
[WhiteElo "2573"]
[BlackElo "2111"]
[Annotator "TA"]
[PlyCount "61"]
[EventDate "2017.??.??"]
[EventType "swiss"]
[EventCountry "KAZ"]
[SourceTitle "playchess.com"]
[Source "ChessBase"]
[SourceQuality "1"]

{[%evp 16,61,1,0,-2,-23,-23,-62,-54,-53,-60,-55,-20,-35,-36,-21,0,0,0,0,0,0,0,0,0,0,47,52,59,54,103,64,79,52,40,0,87,78,211,133,156,102,554,235,29995,29996,29996,29997]} 1. e4 c6 2. d4 d5 3. e5 Bf5 4. Nf3 e6 5. Be2 Nd7 6. O-O c5 7. Be3 Ne7 8. c3 Nc6 9. Nbd2 Be7 {B12: Caro-Kann: Advance Variation} 10. Ne1 (10. dxc5 Nxc5 11. Nb3 Nd7 12. Nfd4 Ndxe5 13. Nxf5 exf5 14. Nd4 Qd7 15. Nxc6 Nxc6 16. Qb3 d4 17. Rad1 {½-½ (56) Sjugirov,S (2643)-Maletin,P (2584) Olginka 2011}) 10... Qb6 11. Nb3 $146 ({Predecessor:} 11. Bd3 Qxb2 12. Nb3 Bxd3 13. Nxd3 Qa3 14. dxc5 Ndxe5 15. Nxe5 Nxe5 16. f4 Nc4 17. Bd4 {0-1 (47) Sanchez,J (2510)-Yevseev,D (2522) Cannes 2014}) 11... c4 {Black is slightly better.} 12. Bxc4 $1 dxc4 13. d5 Nc5 (13... Qc7 {seems wilder.} 14. dxc6 bxc6 15. Nd4 Be4 16. Bf4 Qb7) 14. Nxc5 Bxc5 15. dxc6 Qxc6 (15... bxc6 {is interesting.} 16. Bxc5 Qxc5 17. Nf3 Bd3 18. Re1 O-O) 16. Bxc5 Qxc5 17. Nf3 $1 O-O 18. Re1 {[%cal Bf1e1,Be1e3,Be3g3][%mdl 32]} b5 19. Nd4 Bg6 20. h4 {[%cal Bh2h4,Bh4h5][%mdl 32]} h5 21. g4 hxg4 22. Qxg4 Qd5 23. Re3 Kh7 24. Rae1 Rh8 25. h5 Bd3 (25... Kg8 $11 {keeps the balance.}) 26. Rg3 $16 {[%csl Gg3][%cal Rg4g7]} Rag8 (26... Rhg8 $16 {keeps fighting.}) 27. Qf4 $36 {[%mdl 2048] Keeping Black busy.} Qb7 28. Nf3 (28. Kh2 $142) 28... f6 $2 {[%mdl 8192]} (28... Re8 $16) 29. Qg4 (29. exf6 $142 {Threatening mate with Ng5+.} gxf6 30. Qxf6 Rxg3+ 31. fxg3) 29... Bf5 $2 {[#]} (29... Qf7 $18 30. Nd4 Re8 31. Nxb5 Ref8) 30. Qg6+ $3 {[%mdl 512]} Bxg6 31. hxg6+ {Precision: White = 64%, Black = 30%.} 1-0

[Event "Almaty Open 2017"]
[Site "Almaty"]
[Date "2017.10.05"]
[Round "2"]
[White "Markov, Mikhail"]
[Black "Syzdykov, Sabyr"]
[Result "1-0"]
[WhiteElo "2420"]
[BlackElo "2061"]
[Annotator "TA"]
[PlyCount "36"]
[EventDate "2017.??.??"]
[EventType "swiss"]
[EventCountry "KAZ"]
[SourceTitle "playchess.com"]
[Source "ChessBase"]
[SourceQuality "1"]

{[%evp 8,8,8]} 1. c4 Nf6 2. Nf3 c6 3. Nc3 d5 4. e3 e6 {Predecessor:} 5. b3 $146 Bd6 6. Bb2 O-O 7. Qc2 e5 8. Be2 Re8 9. cxd5 cxd5 10. Nb5 Nc6 11. Nxd6 Qxd6 12. d4 Nb4 13. Qd1 e4 14. Ne5 Bf5 15. O-O Nd3 16. Qd2 Rac8 17. h3 Nxb2 18. Qxb2 Nd7 {½-½ (18) Khismatullin,D (2628)-Motylev,A (2668) Sochi 2017} 1-0

[Event "Almaty Open 2017"]
[Site "Almaty"]
[Date "2017.10.05"]
[Round "2"]
[White "Zharokov, Kaisar"]
[Black "Stupak, Kirill"]
[Result "0-1"]
[WhiteElo "2112"]
[BlackElo "2578"]
[Annotator "TA"]
[PlyCount "44"]
[EventDate "2017.??.??"]
[EventType "swiss"]
[EventCountry "KAZ"]
[SourceTitle "playchess.com"]
[Source "ChessBase"]
[SourceQuality "1"]

{[%evp 13,44,-8,0,-18,0,-20,-12,-12,-16,-19,-12,-141,16,-74,-63,-74,-66,-49,-66,-81,-56,-73,-54,-85,-66,-97,-95,-97,-91,-83,-72,-264,-289]} 1. e4 e6 2. d4 d5 3. exd5 exd5 4. Bd3 c5 5. dxc5 Bxc5 6. Ne2 Nf6 {C01: French: Exchange Variation} 7. O-O O-O {LiveBook: 12 Games} 8. h3 (8. Nbc3 Nc6 9. Bg5 h6 10. Bh4 Ne5 11. Bg3 Nc4 12. Na4 Be7 13. b3 b5 14. Nd4 {½-½ (28) Del Rey,D (2352)-Van Foreest,L (2489) Zalakaros 2017}) 8... Nc6 {The position is equal.} 9. Bg5 {[%cal Bc1g5,Bg5h4,Bh4g3][%mdl 32]} h6 10. Bh4 g5 $146 ({Predecessor:} 10... Be6 11. Nd2 Ne5 12. Nb3 Be7 13. Ned4 Nxd3 14. Qxd3 {1-0 (30) Novotny,J (1998)-Brauer,C (2112) Liberec 2009}) 11. Bg3 Ne4 12. c4 (12. Nbc3 $11) 12... Bf5 $2 {[#]} (12... Nxg3 $17 13. Nxg3 Be6 14. cxd5 Qxd5) 13. cxd5 (13. Nbc3 $11) 13... Qxd5 $17 14. Bxe4 $1 Qxe4 15. Nbc3 Qe6 16. Qd5 Qxd5 17. Nxd5 Rad8 $36 {[%mdl 2048] Black is more active.} 18. Nec3 Bd4 19. Rad1 Be6 20. Nc7 Bc4 21. Rfe1 a6 {White must now prevent ...f5.} 22. a3 $2 {[#]} (22. Rc1 $17) 22... f5 $1 {Precision: White = 22%, Black = 61%.} 0-1

[Event "Almaty Open 2017"]
[Site "Almaty"]
[Date "2017.10.05"]
[Round "2"]
[White "Golovchuk, Oleg"]
[Black "Yudin, Sergei"]
[Result "1/2-1/2"]
[WhiteElo "2097"]
[BlackElo "2517"]
[Annotator "TA"]
[PlyCount "49"]
[EventDate "2017.??.??"]
[EventType "swiss"]
[EventCountry "KAZ"]
[SourceTitle "playchess.com"]
[Source "ChessBase"]
[SourceQuality "1"]

{[%evp 9,49,-102,-53,-198,-158,-185,-108,-118,-84,-115,-86,-95,-66,-57,-46,-64,-60,-99,-91,-70,-68,-79,-64,-54,-28,-53,-5,0,20,12,22,43,55,37,123,106,120,126,119,123,116,130]} 1. e4 d6 {[%cal Bd7d6,Bd6d5,Bd5d4][%mdl 32]} 2. f4 d5 3. Nc3 (3. exd5 Nf6 4. Nf3 Nxd5 5. d4 e6 6. Be2 c5 7. c4 Nf6 8. Nc3 cxd4 9. Qxd4 Bd7 10. a3 {½-½ (68) Ivanchuk,V (2728)-Can,E (2571) Izmir 2016}) 3... d4 4. Na4 $146 ({Predecessor:} 4. Nce2 c5 5. Ng3 Nf6 6. Bc4 Bg4 7. Nf3 Nc6 8. O-O Qd7 9. a3 h5 10. d3 {1-0 (41) Capitaine,A (2172)-Le Corre,P (2060) Plancoet 2004}) 4... e5 5. Qh5 Nd7 (5... exf4 {feels hotter.} 6. Qe5+ Be7 7. Nf3 Nf6 8. Qxd4 Qxd4 9. Nxd4 Nxe4 10. Be2 Bh4+) 6. Nh3 {B07: Pirc Defence: Miscellaneous Systems} (6. fxe5 $15 g6 7. Qe2) 6... Ngf6 7. Qe2 Bd6 (7... exf4 $19 {...Ne5 is the strong threat.} 8. e5 Nd5) 8. f5 $17 {Black is better.} a5 9. Nf2 h5 10. g3 c6 11. b3 Qe7 12. c4 g6 13. fxg6 fxg6 14. Bh3 O-O 15. O-O {[#]} b5 $1 {[%mdl 512]} 16. Nb2 (16. cxb5 cxb5) 16... a4 {[%cal Ba5a4,Ba4a3][%mdl 32]} 17. cxb5 a3 18. Nc4 cxb5 19. Nxd6 Qxd6 20. d3 Kg7 21. Bd2 {Threatens to win with Rac1.} Nb6 (21... b4 $14) 22. Qe1 {White is better.} Bxh3 23. Nxh3 {aiming for Bb4.} Nh7 24. Rxf8 Qxf8 25. Rc1 {Precision: White = 49%, Black = 27%.} 1/2-1/2

[Event "Almaty Open 2017"]
[Site "Almaty"]
[Date "2017.10.05"]
[Round "2"]
[White "Bigabylov, Zhuban"]
[Black "Malakhatko, Vadim"]
[Result "0-1"]
[WhiteElo "2064"]
[BlackElo "2511"]
[Annotator "TA"]
[PlyCount "42"]
[EventDate "2017.??.??"]
[EventType "swiss"]
[EventCountry "KAZ"]
[SourceTitle "playchess.com"]
[Source "ChessBase"]
[SourceQuality "1"]

{[%evp 9,42,22,23,17,23,6,33,29,61,57,63,56,59,-1,31,21,46,29,29,29,55,18,36,29,36,21,41,12,7,-8,0,0,25,25,33]} 1. d4 {[%cal Bd2d4,Bd4d5][%mdl 32]} e6 2. c4 Bb4+ 3. Nc3 c5 4. e3 Nc6 (4... b6 5. Nge2 Bb7 6. a3 Ba5 7. Bd2 Bxc3 8. Bxc3 Nf6 9. Ng3 cxd4 10. Qxd4 Nc6 11. Qf4 Qe7 12. O-O-O {0-1 (37) Hillarp Persson,T (2509)-Short,N (2688) Helsingor 2017}) 5. d5 Bxc3+ 6. bxc3 {A40: Unusual replies to 1 d4} Na5 7. Bd3 Ne7 8. e4 {White is slightly better.} d6 9. f4 $146 ({Predecessor:} 9. Ne2 O-O 10. O-O f5 11. exf5 exd5 12. cxd5 Bxf5 {1-0 (43) Ros Eskisabel,J (2103)-Manso Marquez,F (2063) San Sebastian 2012}) 9... O-O 10. Nf3 {[%cal Bg1f3,Bf3d2,Bd2b3][%mdl 32]} f5 11. exf5 (11. O-O $14) 11... exf5 12. O-O h6 13. Nd2 Bd7 14. Rb1 Qc7 15. Qf3 Rae8 16. Nb3 $36 {[%mdl 2048] White has some pressure.} b6 17. Bd2 {[%cal Bc1d2,Bd2e1,Be1f2][%mdl 32]} Kh8 18. Be1 Nb7 19. Bf2 Ng8 20. Bh4 Nf6 21. Rfe1 Qc8 {[%mdl 32768] Precision: White = 51%, Black = 39%. . Loss on Time!?} 0-1

[Event "Almaty Open 2017"]
[Site "Almaty"]
[Date "2017.10.05"]
[Round "2"]
[White "Nasybullina, Alfia"]
[Black "Kostenko, Petr"]
[Result "1-0"]
[WhiteElo "2021"]
[BlackElo "2421"]
[Annotator "TA"]
[PlyCount "101"]
[EventDate "2017.??.??"]
[EventType "swiss"]
[EventCountry "KAZ"]
[SourceTitle "playchess.com"]
[Source "ChessBase"]
[SourceQuality "1"]

{[%evp 28,101,29,27,46,0,61,52,95,97,113,99,120,117,137,135,218,214,406,388,365,235,223,176,184,175,173,200,133,11,11,0,41,29,24,22,39,0,13,28,16,-12,0,0,-65,-58,207,218,245,162,227,218,189,192,159,-47,196,0,0,0,0,0,0,0,883,866,891,879,838,830,821,802,1158,1033,1888,1794]} 1. d4 e6 2. Nf3 d5 3. c4 c6 4. Nc3 dxc4 5. a4 Bb4 6. e3 b5 7. Bd2 Bb7 8. axb5 Bxc3 9. Bxc3 cxb5 10. b3 a5 11. bxc4 b4 12. Bb2 Nf6 13. c5 {D31: Queen's Gambit Declined: Semi-Slav without ...Nf6 (+ Marshall Gambit and Noteboom) and Exchange Variation lines without ...Nf6} O-O 14. Bb5 Qc7 (14... Ba6 15. Qa4 Qd5 16. Qxa5 Nc6 17. Qxa6 Rxa6 18. Rxa6 Qb3 19. Bxc6 Qxb2 20. O-O b3 {½-½ (28) Donchenko,A (2563)-Tomashevsky,E (2696) Minsk 2017}) 15. O-O {LiveBook: 9 Games. White has an edge.} Rd8 16. Ne5 $146 {[%cal Bf3e5,Be5c4,Bc4d6][%mdl 32]} ({Predecessor:} 16. Ba4 Nc6 17. Qc2 Ne7 18. Ne5 Nf5 19. c6 Ba6 20. Rfd1 Nd6 {1-0 (32) Balje,J (2230)-Van der Lende,I (2347) Netherlands 2017}) 16... Nc6 ({Black should play} 16... Nfd7 $1 $11 17. Nd3 Bc6) 17. Nc4 $14 Na7 18. Ba4 Ba6 19. Qc2 Rab8 20. Bb3 Nc6 21. Rfd1 Bb7 (21... Bxc4 $16 22. Bxc4 Ra8) 22. Nd6 Ba8 $2 (22... Ne7 23. e4 Bc6) 23. e4 $18 Ne7 {If Black can now play ...Nc8 this consolidates a bit.} 24. Qe2 Ng6 25. f3 Bc6 26. Kh1 Ra8 {intending ...a4.} 27. Qc2 $1 Ne8 28. d5 (28. Nc4 $16) 28... a4 $1 $11 29. Bc4 a3 30. dxe6 Nxd6 31. cxd6 Rxd6 32. exf7+ Kf8 $1 33. Rxd6 Qxd6 34. Bb3 (34. e5 $5 {[%cal Re5d6]} Qd8 35. Rd1 $14) 34... Rd8 (34... Ne7 $11) 35. Bc1 $36 {[%mdl 2048] White fights for an advantage.} Qd4 $1 {[%cal Rd4a1]} 36. Ra2 $1 ({Don't blunder} 36. Rxa3 $2 bxa3 37. Bxa3+ Ne7 $19) 36... Bd7 $2 {[%mdl 8192]} (36... Qd3 $1 $15 {stays ahead.} 37. Qxd3 Rxd3) 37. Qd2 $18 Qb6 {White must now prevent ...Be6.} 38. Qe3 Qxe3 (38... Rb8 $142) 39. Bxe3 Rc8 40. Bd2 Rb8 {[#]} 41. Rc2 $2 {[#]} (41. h4 $1 $16 {[%mdl 512]}) 41... Ne5 $2 {[#]} (41... Ba4 $1 $15 {[%mdl 512] keeps the upper hand.} 42. Bxa4 b3 43. Bxb3 Rxb3) 42. Bf4 $2 (42. Rc7 $1 $18 {aiming for Be3.} a2 43. Ra7 (43. Bxa2 b3 $16) 43... Nxf7 44. Rxa2) 42... Ba4 $1 $11 {[%cal Ra4b3]} 43. Bxa4 b3 44. Bxb3 Rxb3 {[%mdl 4096] Endgame KRB-KRN} 45. h4 Nc4 $2 {[%mdl 8192]} (45... Rb1+ $11 46. Kh2 Nxf3+ 47. gxf3 Rb2) 46. Rxc4 $18 {White is clearly winning.} a2 47. Be5 Rb5 48. Bd4 Rb1+ 49. Kh2 {Threatens to win with Rc7.} a1=Q 50. Bxa1 Rxa1 51. Rc7 {Precision: White = 55%, Black = 26%.} 1-0

[Event "Almaty Open 2017"]
[Site "Almaty"]
[Date "2017.10.05"]
[Round "3"]
[White "Stupak, Kirill"]
[Black "Maisuradze, Nino"]
[Result "*"]
[WhiteElo "2578"]
[BlackElo "2240"]
[Annotator "TA RC"]
[PlyCount "25"]
[EventDate "2017.??.??"]
[EventType "swiss"]
[EventCountry "KAZ"]
[SourceTitle "playchess.com"]
[Source "ChessBase"]
[SourceQuality "1"]

{[%evp 10,25,20,-1,13,26,4,11,31,0,39,0,35,0,5,-3,23,22]} 1. d4 d5 2. Nf3 Nf6 3. c4 e6 4. g3 dxc4 5. Bg2 Bb4+ 6. Nc3 Nbd7 {E20: Nimzo-Indian: 4 g3 and 4 f3} (6... O-O 7. O-O Nc6 8. Qa4 Nd5 9. Qc2 Be7 10. Rd1 Ndb4 11. Qa4 Bd7 12. a3 Nb8 13. Qa5 Nd5 14. Nxd5 exd5 15. Qxd5 Ba4 16. Qxd8 Rxd8 {½-½ (23) Yu,Y (2744)-Pourramezanali,A (2533) Tbilisi 2017}) 7. O-O O-O 8. Qc2 Rb8 {The position is equal.} 9. e4 {[%cal Be2e4,Be4e5][%mdl 1056] White has compensation.} Be7 $146 ({Predecessor:} 9... Re8 10. e5 Nd5 11. Ng5 Nf8 12. h4 Nxc3 13. bxc3 Be7 14. Qa4 b5 15. Qxa7 {½-½ (58) Zontakh,A (2566)-Klekowski,M (2308) Warsaw 2011}) 10. Bf4 a6 11. Rad1 b5 12. d5 exd5 13. e5 *

[Event "Almaty Open 2017"]
[Site "Almaty"]
[Date "2017.10.05"]
[Round "3"]
[White "Malakhatko, Vadim"]
[Black "Sadubayev, Airat"]
[Result "*"]
[WhiteElo "2511"]
[BlackElo "2188"]
[Annotator "TA RC"]
[PlyCount "36"]
[EventDate "2017.??.??"]
[EventType "swiss"]
[EventCountry "KAZ"]
[SourceTitle "playchess.com"]
[Source "ChessBase"]
[SourceQuality "1"]

{[%evp 13,36,12,19,15,41,39,51,16,48,20,47,47,40,32,43,41,42,32,39,22,27,10,29,23,39]} 1. c4 e5 2. e3 Nc6 3. Nc3 Nf6 4. a3 a5 5. Nf3 Be7 6. Qc2 O-O {A28: Englische Eröffnung (Vierspringer-Variante)} 7. b3 d6 {LiveBook: 3 Partien} 8. Be2 h6 $146 {Die Stellung ist ausgeglichen.} ({Vorgänger:} 8... Bg4 9. O-O Qd7 10. Bb2 Rfe8 11. d3 Bf8 12. Rac1 d5 13. cxd5 Nxd5 14. Ne4 {1-0 (41) Bryzgalin,K (2460)-Kaulfuss,H (2153) Plancoet 2014}) 9. O-O Be6 10. d3 Qd7 11. Rd1 Rad8 12. Bb2 Rfe8 13. Rac1 Bf8 14. Nd2 g6 15. Bf3 Bg7 16. Nd5 Nh7 17. Ne4 f5 18. Nec3 Nb8 {Precision: Weiß = 35%, Schwarz = 39%.} *

[Event "Almaty Open 2017"]
[Site "Almaty"]
[Date "2017.10.05"]
[Round "3"]
[White "Kazakov, Konstantin"]
[Black "Nasybullina, Alfia"]
[Result "1-0"]
[WhiteElo "2390"]
[BlackElo "2021"]
[Annotator "TA"]
[PlyCount "51"]
[EventDate "2017.??.??"]
[EventType "swiss"]
[EventCountry "KAZ"]
[SourceTitle "playchess.com"]
[Source "ChessBase"]
[SourceQuality "1"]

{[%evp 18,51,20,15,0,0,0,-14,-19,-14,-8,-25,-16,-16,-23,-23,0,-17,-6,-15,0,0,54,10,47,39,50,8,18,8,8,8,8,12,29997,29998]} 1. e4 e6 2. d4 d5 3. Nc3 Bb4 4. e5 c5 5. Bd2 Ne7 6. Nb5 Bxd2+ 7. Qxd2 O-O 8. Nf3 cxd4 9. Nbxd4 Nbc6 {C17: French: 3 Nc3 Bb4 4 e5 c5 sidelines} 10. Bd3 {LiveBook: 3 Games} Nxd4 (10... f6 11. Qe3 fxe5 12. Nxe5 Qb6 13. Ndxc6 Nxc6 14. Nxc6 bxc6 {½-½ (27) Simonian,H (2461)-Minasian,A (2452) Kajaran 2011}) 11. Nxd4 Nc6 {The position is equal.} 12. Nxc6 bxc6 13. O-O Qb6 14. Rfe1 $146 {[%cal Bf1e1,Be1e3,Be3g3][%mdl 32]} (14. c4 {looks sharper.} dxc4 15. Bxc4 Rd8 16. Qe2 c5 17. b3) ({Predecessor:} 14. b3 a5 15. Kh1 a4 16. f4 f5 17. exf6 Rxf6 {0-1 (55) Zipfel,F (2178)-Rausch,S (2300) Germany 2008}) 14... Ba6 15. Bxa6 Qxa6 16. Re3 Rab8 17. b3 Qa3 18. Rg3 {[#] aiming for Qh6.} Qb2 19. Re1 f6 (19... g6 $11) 20. Qa5 Rb7 21. exf6 Rxf6 22. Qd8+ $40 {[%mdl 128] Black needs to defend precisely.} Rf8 23. Qd6 Qxc2 24. Qxe6+ Rbf7 25. Rf3 {White wants to mate with Qxf7+!} Qxa2 $2 {[%mdl 8192] [#]} (25... g6 $11) 26. Qxf7+ $1 {[%mdl 512] Precision: White = 40%, Black = 50%.} 1-0

[Event "Almaty Open 2017"]
[Site "Almaty"]
[Date "2017.10.05"]
[Round "3"]
[White "Karayev, Assylkhan"]
[Black "Filippov, Anton"]
[Result "*"]
[WhiteElo "2243"]
[BlackElo "2592"]
[Annotator "TA"]
[PlyCount "30"]
[EventDate "2017.??.??"]
[EventType "swiss"]
[EventCountry "KAZ"]
[SourceTitle "playchess.com"]
[Source "ChessBase"]
[SourceQuality "1"]

{[%evp 21,30,0,-3,0,0,-55,-7,-50,-50,-55,-64]} 1. e4 e5 2. Nf3 Nc6 3. Nc3 Nf6 4. d4 exd4 5. Nxd4 Bb4 6. Nxc6 bxc6 7. Bd3 d5 8. exd5 cxd5 9. Qe2+ Be7 10. Bg5 O-O {C47: Schottisches Vierspringerspiel} 11. O-O h6 {LiveBook: 3 Partien} 12. Rae1 $146 ({Vorgänger:} 12. Bh4 Bg4 13. f3 Be6 14. f4 Re8 15. Qf3 c6 16. Kh1 Bg4 17. Qg3 Bd7 18. Qf3 Bg4 {0-1 (30) Rozentalis,E (2575)-Adams,M (2715) Elista 1998}) 12... Be6 13. Bh4 (13. Bf4 $11) 13... c6 14. f4 Re8 15. Kh1 Rb8 *

[Event "Almaty Open 2017"]
[Site "Almaty"]
[Date "2017.10.05"]
[Round "3"]
[White "Vakhidov, Daler"]
[Black "Fier, Alexandr"]
[Result "*"]
[WhiteElo "2234"]
[BlackElo "2573"]
[Annotator "TA"]
[PlyCount "41"]
[EventDate "2017.??.??"]
[EventType "swiss"]
[EventCountry "KAZ"]
[SourceTitle "playchess.com"]
[Source "ChessBase"]
[SourceQuality "1"]

{[%evp 24,41,12,14,27,31,35,26,18,10,33,10,35,42,35,23,60,51,131,137]} 1. d4 Nf6 2. Nf3 g6 3. c4 Bg7 4. g3 O-O 5. Bg2 d5 6. cxd5 Nxd5 7. O-O Nc6 {[%cal Bb8c6,Bc6a5,Ba5c4][%mdl 32]} 8. e4 Nb6 9. d5 Na5 10. Nc3 c6 11. Bf4 cxd5 12. exd5 Nac4 13. Qe2 Bg4 {D76: Fianchetto Grünfeld: Main Line with 7...Nb6} 14. h3 Bxf3 15. Bxf3 Nd6 {White has an edge.} (15... Re8 16. Rac1 e5 17. dxe6 Rxe6 18. Qc2 g5 19. Rfd1 {1-0 (32) Carlsen,M (2832)-Topalov,V (2749) Paris 2017}) 16. Rfd1 a6 17. Rac1 Nd7 $146 ({Predecessor:} 17... Rc8 18. Be5 Bh6 19. Rc2 Nbc4 20. Bd4 Nf5 21. Bg4 {½-½ (60) Wittje,B (2297)-Gutman,L (2408) Germany 2007}) 18. Na4 $36 {[%mdl 2048] Black is under pressure.} Re8 19. b4 Nb5 20. Qe3 Rc8 ({Better is} 20... a5 $14) 21. Nc5 *

[Event "Almaty Open 2017"]
[Site "Almaty"]
[Date "2017.10.05"]
[Round "3"]
[White "Nurzhanov, Timur"]
[Black "Burmakin, Vladimir"]
[Result "*"]
[WhiteElo "2194"]
[BlackElo "2515"]
[Annotator "TA"]
[PlyCount "32"]
[EventDate "2017.??.??"]
[EventType "swiss"]
[EventCountry "KAZ"]
[SourceTitle "playchess.com"]
[Source "ChessBase"]
[SourceQuality "1"]

{[%evp 13,32,20,57,22,14,20,16,15,50,32,56,0,2,0,8,0,0,6,9,-10,12]} 1. d4 Nf6 2. c4 e6 3. Nc3 d5 4. Nf3 {[%cal Bg1f3,Bf3d2,Bd2c4][%mdl 32]} Nbd7 {[%cal Bb8d7,Bd7f6,Bf6d5,Bd5b6][%mdl 32]} 5. Bg5 c6 6. e3 Qa5 7. Nd2 Be7 8. Bd3 {D52: Queen's Gambit Declined: Cambridge Springs Variation} (8. cxd5 cxd5 9. Bd3 a6 10. O-O O-O 11. f4 b5 12. Nf3 Bb7 13. Ne5 Qd8 14. Qe1 Ne4 15. Bxe4 dxe4 16. Nxd7 Qxd7 17. Bxe7 Qxe7 {½-½ (61) Izoria,Z (2602)-Sokolov,I (2662) Warsaw 2005}) 8... dxc4 9. Bxf6 $1 Nxf6 10. Nxc4 Qd8 11. O-O Nd5 12. e4 $146 (12. Qf3 $14) ({Predecessor:} 12. Nxd5 exd5 13. Ne5 O-O 14. a3 Bf6 15. f4 g6 16. f5 Bxe5 17. dxe5 Qe7 {0-1 (35) Fajntich,D-Jolodovsky,A (2066) Buenos Aires 2004}) 12... Nb6 $11 {The position is equal.} 13. Be2 O-O 14. Ne3 c5 15. d5 Bf6 16. Qb3 Bd4 *

[Event "Almaty Open 2017"]
[Site "Almaty"]
[Date "2017.10.05"]
[Round "3"]
[White "Serikbay, Assel"]
[Black "Markov, Mikhail"]
[Result "*"]
[WhiteElo "2147"]
[BlackElo "2420"]
[Annotator "TA"]
[PlyCount "34"]
[EventDate "2017.??.??"]
[EventType "swiss"]
[EventCountry "KAZ"]
[SourceTitle "playchess.com"]
[Source "ChessBase"]
[SourceQuality "1"]

{[%evp 12,34,15,12,64,65,82,75,79,75,64,58,67,77,120,123,117,97,102,73,75,71,77,62,32]} 1. d4 Nf6 2. Nf3 e6 3. c4 b6 4. g3 Bb4+ 5. Bd2 Be7 6. Bg2 Bb7 7. Nc3 {LiveBook: 418 Games} Qc8 {E16: Queen's Indian: 4 g3 Bb7 5 Bg2 Bb4+} (7... O-O $11) (7... c6 8. e4 d5 9. exd5 cxd5 10. Ne5 O-O 11. O-O Nc6 12. Bf4 Na5 13. Rc1 dxc4 14. Bxb7 Nxb7 15. Nxc4 Bb4 16. Bg5 Nd6 17. Nxd6 Bxd6 {1-0 (41) Radjabov,T (2724)-Eljanov,P (2739) Geneve 2017}) 8. O-O $14 c5 9. d5 exd5 {White is better.} 10. cxd5 Nxd5 11. Nxd5 Bxd5 12. Bc3 $36 {[%mdl 2048] White has strong initiative.} Qb7 13. Bxg7 Rg8 14. Be5 Na6 $146 ({Predecessor:} 14... d6 15. Bf4 {1-0 (36) Hess,C (2292)-Gomboc,M (2165) Salzburg 2004}) 15. a3 O-O-O 16. Re1 d6 17. Bf4 Nc7 *